Normal view
MARC view
- Europe
Entry Geographic Name
001 - CONTROL NUMBER
- control field: 71035
003 - CONTROL NUMBER IDENTIFIER
- control field: TR-AnTOB
005 - DATE AND TIME OF LATEST TRANSACTION
- control field: 20180523104437.0
008 - FIXED-LENGTH DATA ELEMENTS
- fixed length control field: 080313|| azannbabn |n ana
010 ## - LIBRARY OF CONGRESS CONTROL NUMBER
- LC control number: sh2008115001
024 ## - OTHER STANDARD IDENTIFIER
- Source of number or code: uri
- Standard number or code: http://koha.etu.edu.tr/cgi-bin/koha/opac-authoritiesdetail.pl?authid=71035&marc=1
035 ## - SYSTEM CONTROL NUMBER
- System control number: (TR-AnTOB)71035
040 ## - CATALOGING SOURCE
- Original cataloging agency: DLC
- Language of cataloging: eng
- Description conventions: rda
- Transcribing agency: DLC
- Modifying agency: TR-AnTOB
151 ## - HEADING--GEOGRAPHIC NAME
- Geographic name: Europe
- General subdivision: Military relations
- Geographic subdivision: United States
451 ## - SEE FROM TRACING--GEOGRAPHIC NAME
- Geographic name: Avrupa
- General subdivision: Askeri ilişkiler
- Geographic subdivision: Amerika Birleşik Devletleri
670 ## - SOURCE DATA FOUND
- Source citation: Work cat.: The Bush administration (1989-1993) and the development of a European security identity, c2001
751 ## - ESTABLISHED HEADING LINKING ENTRY--GEOGRAPHIC NAME
- Authority record control number or standard number: (DLC)sh2008115001
- Source of heading or term: lcsh
- Geographic name: Europe
- General subdivision: Military relations
- Geographic subdivision: United States
751 ## - ESTABLISHED HEADING LINKING ENTRY--GEOGRAPHIC NAME
- Authority record control number or standard number: (TR-AnTOB)71031
- Source of heading or term: etuturkob
- Geographic name: Avrupa
- General subdivision: Askeri ilişkiler
- Geographic subdivision: Amerika Birleşik Devletleri



